Xây dựng bộ tư liệu hỗ trợ giảng dạy các kiến thức phần sinh học cơ thể thực vật - sinh học 11 nâng cao - THPT
Xây dựng bộ tư liệu hỗ trợ dạy học các bài trong chương phần sinh học cơ thể thực vật - sinh học lớp 11 nâng cao đảm bảo mục tiêu, nội dung của bài học. Đề xuất phương pháp sử dụng bộ tư liệu. Xác định hiệu quả của việc sử dụng bộ tư liệu và những kinh nghiệm rút ra trong quá trình sử dụng....
Zapisane w:
| 1. autor: | |
|---|---|
| Kolejni autorzy: | |
| Format: | Książka |
| Język: | Vietnamese |
| Wydane: |
Đà Nẵng
Đại học Sư phạm, Đại học Đà Nẵng
2013
|
| Hasła przedmiotowe: | |
| Etykiety: |
Dodaj etykietę
Nie ma etykietki, Dołącz pierwszą etykiete!
|
| Thư viện lưu trữ: | Mạng thư viện Đại học Đà Nẵng |
|---|
| LEADER | 02102nam a2200397 4500 | ||
|---|---|---|---|
| 001 | 000018467 | ||
| 003 | 14899 | ||
| 005 | 20131115101107.0 | ||
| 008 | 131112s2013 viesd | ||
| 041 | |a vie | ||
| 082 | 1 | 4 | |a 571.2 |b NG-C |
| 100 | 1 | |a Nguyễn Thị Kim Chung | |
| 245 | 1 | |a Xây dựng bộ tư liệu hỗ trợ giảng dạy các kiến thức phần sinh học cơ thể thực vật - sinh học 11 nâng cao - THPT |c Nguyễn Thị Kim Chung ; Đỗ Thị Trường hướng dẫn |k Khóa luận tốt nghiệp | |
| 260 | |a Đà Nẵng |b Đại học Sư phạm, Đại học Đà Nẵng |c 2013 | ||
| 300 | |a 53 tr., phụ lục 5 tr. |b mh. |c 29 cm. |e Bản tóm tắt | ||
| 500 | |a Khóa luận tốt nghiệp đại học. Chuyên ngành: Sư phạm Sinh | ||
| 504 | |a Mục lục đầu trang, tài liệu tham khảo tr. 73 - 74, phụ lục [13 tr.] | ||
| 520 | |a Xây dựng bộ tư liệu hỗ trợ dạy học các bài trong chương phần sinh học cơ thể thực vật - sinh học lớp 11 nâng cao đảm bảo mục tiêu, nội dung của bài học. Đề xuất phương pháp sử dụng bộ tư liệu. Xác định hiệu quả của việc sử dụng bộ tư liệu và những kinh nghiệm rút ra trong quá trình sử dụng. | ||
| 600 | 1 | 4 | |b Vua |c Đinh Tiên Hoàng |
| 650 | 0 | 4 | |a Thực vật |v Khóa luận tốt nghiệp |x Tư liệu dạy học |
| 653 | |a Khoa Sinh môi trường | ||
| 653 | |a Tư liệu dạy học | ||
| 653 | |a Giáo dục phổ thông | ||
| 653 | |a Sinh học 11 | ||
| 653 | |a Thực vật | ||
| 700 | 1 | |a Đỗ Thị Trường |e Hướng dẫn | |
| OWN | |a LSP | ||
| AVA | |a UDN50 |b LSP |d 571.2 NG-C |e available |t Error 5001 Not defined in file expand_doc_bib_avail. |f 1 |g 0 |h N |i 0 |k 1 | ||
| 999 | |a From the UDN01 | ||
| AVA | |a UDN50 |b LSP |d 571.2 NG-C |e available |t Error 5001 Not defined in file expand_doc_bib_avail. |f 1 |g 0 |h N |i 0 |k 1 | ||
| TYP | |a Monograph | ||
| TYP | |a Printed language | ||
| 980 | |a Mạng thư viện Đại học Đà Nẵng | ||